| Record ID | ia:deadlyfate00grah |
| Source | Internet Archive |
| Download MARC XML | https://archive.org/download/deadlyfate00grah/deadlyfate00grah_marc.xml |
| Download MARC binary | https://www.archive.org/download/deadlyfate00grah/deadlyfate00grah_meta.mrc |
LEADER: 02343cam 2200457M 4500
001 ocn966517502
003 OCoLC
005 20190121133130.0
008 160213s2016 onc 000 1 eng d
040 $aB@L$beng$cB@L$dOCLCO$dOCLCF$dPCQ$dLKC$dOCLCO$dOCL
020 $a9780778319450
020 $a0778319458
020 $a9780778330127
020 $a0778330125
035 $a(OCoLC)966517502
037 $bHarlequin Books, C/O Simon & Schuster 100 Front st, Riverside, NJ, USA, 08075-7500$nSAN 200-2442
050 4 $aPS
082 04 $a813
100 1 $aGraham, Heather.
245 10 $aDeadly fate /$cHeather Graham.
264 1 $aDon Mills, Ontario :$bMira Books,$c2016.
300 $a368 pages
336 $atext$2rdacontent
337 $aunmediated$2rdamedia
338 $avolume$2rdacarrier
490 0 $aKrewe of hunters ;$vbk. 19
520 $aWhen Clara Avery, an entertainer working on the Fate, an Alaskan cruise ship, goes to nearby Bear Island, she comes across a scene of bloody mayhem. She also comes across Thor Erikson, who will soon be a member of the FBI's elite paranormal unit, the Krewe of Hunters. Thor's been sent from the Alaska field office to investigate several grotesque killings, with the dead posed to resemble the victims of notorious murderers. The prime suspect is a serial killer Thor once put behind bars. The man escaped from a prison in the Midwest, and all the evidence says he was headed to Alaska. Thor and Clara share an unusual skill: the ability to communicate with the dead. Their growing love - and their contact with the ghosts of the victims - brings them together to solve the case...and prevent a deadly fate of their own!
650 0 $aMan-woman relationships$vFiction.
650 0 $aPsychic ability$vFiction.
650 0 $aMurder$xInvestigation$vFiction.
650 7 $aMan-woman relationships.$2fast$0(OCoLC)fst01007080
650 7 $aMurder$xInvestigation.$2fast$0(OCoLC)fst01029788
650 7 $aPsychic ability.$2fast$0(OCoLC)fst01081210
655 7 $aParanormal fiction.$2fast$0(OCoLC)fst01921727
655 7 $aRomance fiction.$2gsafd
655 7 $aRomantic suspense fiction.$2gsafd
655 7 $aFiction.$2fast$0(OCoLC)fst01423787
655 7 $aParanormal fiction.$2lcgft
655 4 $aSeries.
994 $aZ0$bP4A
948 $hNO HOLDINGS IN P4A - 7 OTHER HOLDINGS